GIS Applications for Water, Wastewater and Stormwater Systems /
Salvato in:
| Autore principale: | |
|---|---|
| Natura: | Libro |
| Lingua: | inglese |
| Pubblicazione: |
Boca Raton:
CRC Press,
2005
|
| Serie: | Civil Engineering
|
| Soggetti: | |
| Tags: |
Nessun Tag, puoi essere il primo ad aggiungerne!!
|
MARC
| LEADER | 00000nam a22000003a 4500 | ||
|---|---|---|---|
| 001 | 0087318 | ||
| 003 | SK-STU | ||
| 005 | 20210226103152.0 | ||
| 007 | ta | ||
| 008 | 210226s ----xo-----e------000-0-----d | ||
| 020 | |a 0-8493-2097-6 | ||
| 040 | |a STU |b slo | ||
| 041 | 0 | |a eng |h eng | |
| 044 | |a xxu | ||
| 100 | 1 | |a Shamsi, U. M. |4 aut |r Z6 | |
| 245 | 1 | 0 | |a GIS Applications for Water, Wastewater and Stormwater Systems / |c aut. U. M Shamsi |
| 260 | |a Boca Raton: |b CRC Press, |c 2005 | ||
| 300 | |a 413 s. | ||
| 490 | 0 | |a Civil Engineering | |
| 650 | 0 | 7 | |a GIS |
| 650 | 0 | 7 | |a wastewater managment |
| 650 | 0 | 7 | |a stormwater |
| 650 | 0 | 7 | |a applications |
| 996 | |c V* 53125/O-24285 |l VV17 |s P |a 0 |w 0087318_0001 | ||